| 000 | 00440nam a2200181Ia 4500 | ||
|---|---|---|---|
| 008 | 210210b1947 xxu||||| |||| 00| 0 eng d | ||
| 041 | _aeng | ||
| 082 | _a887/55 | ||
| 100 | _aSUSHILKUMAR (De) | ||
| 245 | _aHistory of sanskrit literature | ||
| 260 |
_aCalcutta _bUniversity of Calcutta _c1947 |
||
| 650 | _asanskrit | ||
| 650 | _aof | ||
| 650 | _aliterature | ||
| 650 | _aHistory | ||
| 690 | _aSanskrit Criticism | ||
| 906 | _a024653 | ||
| 999 |
_c150276 _d150276 |
||